000
003110000a22001450004500
001
005593
003
MACL
040
_a
MACL
090
_c
17586
_d
17585
245
_a
Tareekh Tamuddan
_b
Ali Munshi Ahmad
260
_a
Institute Press Aligarh
350
_a
1.25
650
_a
Urdu Literature
942
_k
891
_c
Book
999
_c
17475
_d
17475